000 00335nam a2200145Ia 4500
008 230718s9999 xx 000 0 und d
041 _aEng.
082 _a343.53
_bMAL-N
100 _aMalik,Bakhtiar
245 0 _anegotiable instrument
260 _aPakistan
_bIrfan law house
_c2015
300 _a146
650 _aLaw
999 _c30311
_d30311